Tata Vasco : drama sinfónico en cinco cuadros /
Tata Vasco, una de las obras centrales de Miguel Bernal Jiménez, es una composición sinfónica creada con motivo del 400 aniversario de la llegada de Vasco de Quiroga a Michoacán.
Збережено в:
| Автор: | |
|---|---|
| Інші автори: | |
| Формат: | Книга |
| Мова: | Іспанська |
| Предмети: | |
| Теги: |
Немає тегів, Будьте першим, хто поставить тег для цього запису!
|
MARC
| LEADER | 00000nam^a2200000^a^4500 | ||
|---|---|---|---|
| 001 | 000312218 | ||
| 005 | 20250526000000.0 | ||
| 008 | 081013 19412006 | ||
| 009 | 20260310113107.404 | ||
| 037 | |a Acervo Xavier Clavigero | ||
| 041 | |a ESP | ||
| 082 | |a 784. 071 |b BER MIG | ||
| 100 | |a Bernal Jiménez, Miguel |e (música) | ||
| 245 | 1 | 0 | |a Tata Vasco : |b drama sinfónico en cinco cuadros / |c Música de M. Bernal Jiménez ; libreto de M. Muñoz. |
| 264 | |a Pátzcuaro, México : |b editorial no identificada, |c 1941 | ||
| 300 | |a 50 p. ; |c 29.5 cm. | ||
| 336 | |a texto |b txt |2 rdacontenido | ||
| 337 | |a sin mediación |b n |2 rdamedio | ||
| 338 | |a volumen |b nc |2 rdasoporte | ||
| 520 | |a Tata Vasco, una de las obras centrales de Miguel Bernal Jiménez, es una composición sinfónica creada con motivo del 400 aniversario de la llegada de Vasco de Quiroga a Michoacán. | ||
| 649 | |a XX | ||
| 650 | |a Músicos Mexicanos | ||
| 650 | |a Artistas Mexicanos | ||
| 650 | |a Partituras - |z México | ||
| 650 | |a Sinfonía - |z México | ||
| 650 | |a Nacionalismo en la Música - |z México | ||
| 650 | |a Nacionalismo en el Arte - |z México | ||
| 650 | |a Música Romántica - |z México - |x Partituras | ||
| 650 | |a Música de Cámara - |z México - |x Partituras | ||
| 650 | |a Música de Concierto - |z México - |x Partituras | ||
| 650 | |a Música Mexicana - |y Siglo XX - |x Partituras | ||
| 650 | |a Quiroga, Vasco de - |x Tema Principal | ||
| 650 | |a Quiroga, Vasco en la Música | ||
| 700 | |a Muñoz, Manuel |e (libreto) | ||
| 910 | |a Fondo General | ||
| 920 | |a Impresos - Libros | ||
| 930 | |a Libros Antiguos y Raros | ||
| 905 | |a 108 | ||
| 901 | |a 060542 |b IT2 |c LRA |u 20250526 | ||
| 902 | |a https://opac.biblio.iteso.mx/vufind/Record/000312218 | ||